La ciudad castellana (1918) / (Record no. 187065)

MARC details
000 -LEADER
campo de control de longitud fija 01056nam a2200301 i 4500
001 - NÚMERO DE CONTROL
campo de control 187065
003 - IDENTIFICADOR DE NÚMERO DE CONTROL
campo de control ES-MaACL
005 - FECHA Y HORA DE LA ÚLTIMA TRANSACCIÓN
campo de control 20250731020502.0
008 - DATOS DE LONGITUD FIJA--INFORMACIÓN GENERAL
campo de control de longitud fija 170407r19891918sp |||| |dspa d
020 ## - NÚMERO INTERNACIONAL ESTÁNDAR DEL LIBRO
Número Internacional Estándar del Libro 84-86884-67-5
080 ## - NÚMERO DE LA CLASIFICACIÓN DECIMAL UNIVERSAL
Número de la Clasificación Decimal Universal 329.12(460)"18/19"
080 ## - NÚMERO DE LA CLASIFICACIÓN DECIMAL UNIVERSAL
Número de la Clasificación Decimal Universal 338(463/464)
080 ## - NÚMERO DE LA CLASIFICACIÓN DECIMAL UNIVERSAL
Número de la Clasificación Decimal Universal 308(463/464)
100 1# - ENTRADA PRINCIPAL--NOMBRE DE PERSONA
Nombre de persona Gómez, Julio Senador.
9 (RLIN) 57780
245 13 - MENCIÓN DEL TÍTULO
Título La ciudad castellana (1918) /
Mención de responsabilidad, etc. Julio Senador ; edición al cuidado de José Esteban.
260 ## - PUBLICACIÓN, DISTRIBUCIÓN, ETC.
Lugar de publicación, distribución, etc. Madrid :
Nombre del editor, distribuidor, etc. Fundación Banco Exterior,
Fecha de publicación, distribución, etc. 1989.
300 ## - DESCRIPCIÓN FÍSICA
Extensión 118 p. ;
Dimensiones 23 cm.
490 1# - MENCIÓN DE SERIE
Mención de serie Biblioteca regeneracionista
504 ## - NOTA DE BIBLIOGRAFÍA, ETC.
Nota de bibliografía, etc. Bibliografía: p. 18.
534 ## - NOTA SOBRE LA VERSIÓN ORIGINAL
Frase introductoria Reprod. de.
Mención de título del original La ciudad castellana: entre todos la matamos_,
Publicación, distribución, etc. del original Minerva, 1918.
651 #4 - PUNTO DE ACCESO ADICIONAL DE MATERIA--NOMBRE GEOGRÁFICO
Nombre geográfico Castilla-
Subdivisión general Situación económica
9 (RLIN) 7978
651 #4 - PUNTO DE ACCESO ADICIONAL DE MATERIA--NOMBRE GEOGRÁFICO
Nombre geográfico Castilla-
Subdivisión general Situación social.
9 (RLIN) 7979
700 1# - ENTRADA AGREGADA--NOMBRE PERSONAL
Nombre de persona Esteban, José,
Fechas asociadas al nombre 1935-
9 (RLIN) 48033
710 2# - ENTRADA AGREGADA--NOMBRE DE ENTIDAD CORPORATIVA
Nombre de entidad corporativa o nombre de jurisdicción como elemento de entrada Fundación Banco Exterior.
9 (RLIN) 4226
830 0# - PUNTO DE ACCESO ADICIONAL DE SERIE-TÍTULO UNIFORME
Título uniforme Biblioteca regeneracionista
9 (RLIN) 177460
852 ## - LOCALIZACIÓN
Ubicación ES-MaACL
Número de control de estantería L-31385
Holdings
Estatus retirado Estado de pérdida Estado de daño No para préstamo Biblioteca de origen Biblioteca actual Ubicación en estantería Fecha de adquisición Fuente de adquisición Total de préstamos Signatura topográfica completa Código de barras Visto por última vez Precio de reemplazo Tipo de ítem Koha
        Biblioteca del Ateneo de Madrid Biblioteca del Ateneo de Madrid Depósito 2 07/04/2017     L-31385 1197352 23/02/2023 23/02/2023 Libro impreso